000 00446nam a2200169Ia 4500
003 GCL
008 140319s9999 xx 000 0 ara d
040 _aGCL /
_cGCL
082 0 4 _aد
_b050
245 1 0 _aالزلازل: حقيقتها واثارها (عالم المعرفة 200)
300 _a288 ص
490 _aعالم المعرفة
_v0
650 0 4 _aالزلازل
650 0 4 _aالتنبؤ
650 0 4 _aالارض
942 _2ddc
_cBK
999 _c38077
_d38077